000 00886nam a2200241 i 4500
001 136554
003 ES-MaACL
005 20230906195150.0
007 t|
008 070214s1982 sp af |||| | spa d
100 1 _aRuz Márquez, José Luis.
_9101090
245 1 0 _aHeráldica municipal de la provincia de Toledo /
_cJosé Luis Ruz Márquez, Ventura Leblic García.
260 _aToledo :
_bInstituto Provincial de Investigaciones y Estudios Toledanos,
_c1982.
300 _a167 p., 5 lám. :
_bil. ;
_c21 cm.
490 1 _aTemas toledanos ;
_v3
504 _aBibliografía: p. 160-166.
650 4 _aHeráldica-
_zToledo (Provincia)
_9157580
700 1 _aLeblic García, Ventura.
_971024
710 2 _aInstituto Provincial de Investigaciones y Estudios Toledanos.
_95217
830 0 _aTemas toledanos ;
_v3
_9181269
852 _aES-MaACL
_jL-6138
999 _c136554
_d136554